000 00661nam a2200241 a 4500
999 _c5317
_d5317
001 5317
003 BD-JhCC
005 20181003180032.0
008 171212s1963 usaa|||| |||| 001 0 eng d
035 _a(BD-JhCC) 5317
040 _aBD-JhCC
_dBD-JhCC
041 _aeng
082 _a512.13
_bBET 1963
100 _aBetting, Alvin K.
245 _aAlgebra and Trigonometry /
_c Alvin K. Betting and John A. Englund,
260 _aUnited states of America :
_bInternational Textbook Company,
_c1963.
300 _a356p. :
_bill. ;
_c23cm.
650 _aAgebra
650 _aTrigonometry
700 _aEnglund, John A.
942 _2ddc
_cBK